000 01813 a2200205 4500
001 28033
005 20260407155552.0
008 260407a1986 arg spa d
003 AR-UNSa-BCEJYS
040 _aAR-UNSa-BCEJYS
_bspa
_cAR-UNSa-BCEJYS
080 _a004.4
_x"Software". Equipo lógico, componentes lógicos, logical, programas
245 1 0 _aEl software: Análisis jurídico
020 _a950-572-199-4
264 1 _aBuenos Aires :
_bVíctor P. de Zavalía
_c1986
300 _a333 p.
_c23 cm.
505 _aParte I: El software: Un nuevo objeto del derecho: 1. Inadaptación del programa de computadora a las categorías jurídicas tradicionales: Sección 1: La difícil aplicación a los programas, de los regímenes jurídicos de bienes muebles corporales – Sección 2: El programa no es una invención que tenga resultado industrial – Sección 3: El concepto de obra del espíritu no cubre completamente la realidad del programa de computadora -- 2. Inadaptación de los mecanismos jurídicos a los programas de computadora: Sección 1: Un régimen de derechos de autor desfigurado – Sección 2: El derecho de los contratos maltrechos -- Parte II: El software: objeto de un nuevo derecho: 1. La importancia económica del programa de computadora ha acarreado cierto reconocimiento por el derecho positivo: Sección 1: El pragmatismo de las reglas que rigen el patrimonio de la empresa – Sección 2: Aplicabilidad de las reglas que rigen un comportamiento -- 2. La originalidad del programa impone la creación de un régimen jurídico nuevo: Sección 1: Unidad de la noción de programa concebido como herramienta informacional – Sección 2: La necesidad de adoptar un régimen original -
942 _cBK
590 _aniveau_biblio:m niveau_hierar:0
100 1 _aToubol, Frédérique
999 _c1635
_d1635